2015 Movie Taglines Quiz Stats

 Plays Quiz Updated Sep 14, 2016

Score 0/25 Timer 07:00
10 Plays Today
% Correct
Jurassic World
86%
Inside Out
84.5%
Minions
77.9%
Ant-Man
77.5%
The Martian
76.9%
The SpongeBob Movie: Sponge Out of Water
67%
Goosebumps
65.7%
Steve Jobs
65.1%
Tomorrowland
63.8%
Trainwreck
60%
The Hateful Eight
59.7%
Cinderella
57.7%
Avengers: Age of Ultron
56.5%
% Correct
Bridge of Spies
52.9%
The Walk
51.2%
The Hunger Games: Mockingjay - Part 2
44.6%
Creed
43.7%
Carol
38.5%
Star Wars: The Force Awakens
38.2%
The Revenant
36.7%
Mad Max: Fury Road
34.3%
Straight Outta Compton
34.2%
Ex Machina
22.7%
Mission: Impossible - Rogue Nation
22.7%
Furious 7
18.1%

You're not logged in!

Compare scores with friends on all Sporcle quizzes.
OR
Log In

You Might Also Like...

Show Comments

Extras

Top Quizzes Today


Score Distribution

Your Account Isn't Verified!

In order to create a playlist on Sporcle, you need to verify the email address you used during registration. Go to your Sporcle Settings to finish the process.

Report this User

Report this user for behavior that violates our Community Guidelines.

Details: